00952nam a22002292 450000100060000000300080000600500170001400800410003103500190007204000320009104100080012308200210013110000350015224501130018726000460030030000570034650001300040350400390053365100340057265100510060670000650065726353BD-RjUL20211209051014.0140322s1965 ii abc b 001 0 eng d a(BD-RjUL)26423 aMIAcMIAdEQOdBD-RjULbeng aeng a954.08bSPO 19651 aSpear, Thomas George Percival.14aThe Oxford history of modern India, 1740-1947 :bthe Oxford history of India, Part III /cby Percival Spear. aDelhi :bOxford University Press,cc1965. aix, 426 p. :bill., ports., maps (1 fold.) ;c18 cm. a"A reprint of Part III of the third edition of the Oxford history of India (1958), originally compiled by ... Vincent Smith." aIncludes bibliographies and index. 0aIndiaxHistoryy18th century. 0aIndiaxHistoryyBritish occupation, 1765-1947.1 aSmith, Vincent Arthur,d1848-1920.tOxford history of India.